000 00475nam a2200181Ia 4500
001 20696
005 20260306172824.0
008 260306t2017||||xx |||||||||||||| ||spa||
041 _aESP
082 _a343.6L
_bA49
100 _aÁlvarez Pedroza, Alejandro
_eAUT
245 0 _aLa nueva ley de contrataciones del estado y su reglamento concordados
260 _c2017
300 _a590 páginas :
_c20 cm.
650 _aGEN
654 _aCDE
942 _cLIB
_dJUS
_fJUS
_2ddc
_n
999 _c20696
_d20696